Yu-Gi-Oh! Duel Monsters Characters by Picture - Statistics

General Stats
  • This quiz has been taken 6 times
  • The average score is 31 of 56
Answer Stats
Picture Answer % Correct
Atem
100%
Bakura
100%
Duke Devlin
100%
Joey Wheeler
100%
Mai Valentine
100%
Maximillion Pegasus
100%
Mokuba Kaiba
100%
Seto Kaiba
100%
Téa Gardner
100%
Tristan Taylor
100%
Yugi Muto
100%
Bandit Keith
75%
Rex Raptor
75%
Solomon Muto
75%
Weevil Underwood
75%
Alister
50%
Arthur Hawkins
50%
Bandit King Bakura
50%
Bonz
50%
Dartz
50%
Gozaburo Kaiba
50%
Ishizu Ishtar
50%
Isis
50%
Kisara
50%
Mahad
50%
Mako Tsunami
50%
Mana
50%
Marik Ishtar
50%
Noah Kaiba
50%
Odion Ishtar
50%
Paradox Brothers
50%
Rafael
50%
Rebecca Hawkins
50%
Serenity Wheeler
50%
Seto
50%
Shada
50%
Shadi
50%
Shimon Muran
50%
The Big Five
50%
Valon
50%
Vivian Wong
50%
Yami Marik
50%
Zorc Necrophades
50%
Aknadin
25%
Arkana
25%
Bobasa
25%
Espa Roba
25%
Karim
25%
Leon von Schroeder
25%
PaniK
25%
Roland
25%
Seeker
25%
Strings
25%
The Great Leviathan
25%
Zigfried von Schroeder
25%
Croquet
0%
No matching quizzes found
Score Distribution
Percent of People with Each Score
Percentile by Number Answered
Your Score History
You have not taken this quiz